Online
Catalog

Medalla al merito de la mujer : (Record no. 56717)

MARC details
000 -CABECERA
campo de control de longitud fija 01841nam a2200325 i 4500
003 - IDENTIFICADOR DEL NÚMERO DE CONTROL
campo de control DO-SdBNP
005 - FECHA Y HORA DE LA ÚLTIMA TRANSACCIÓN
campo de control 20241206085814.0
007 - CAMPO FIJO DE DESCRIPCIÓN FÍSICA--INFORMACIÓN GENERAL
campo de control de longitud fija ta
008 - DATOS DE LONGITUD FIJA--INFORMACIÓN GENERAL
campo de control de longitud fija 240521s2004 dr aco 000 0 spa d
020 ## - NÚMERO INTERNACIONAL ESTÁNDAR DEL LIBRO
Número Internacional Estándar del Libro 9993481521
040 ## - FUENTE DE LA CATALOGACIÓN
Centro catalogador/agencia de origen DO-SdBNP
Lengua de catalogación spa
Centro/agencia transcriptor BNPHU
Normas de descripción rda
082 ## - NÚMERO DE LA CLASIFICACIÓN DECIMAL DEWEY
Número de edición 22
110 1# - ENTRADA PRINCIPAL--NOMBRE DE ENTIDAD CORPORATIVA
Nombre de entidad corporativa o nombre de jurisdicción como elemento de entrada República Dominicana.
Unidad subordinada Secretaría de Estado de la Mujer
9 (RLIN) 38238
245 10 - MENCIÓN DE TÍTULO
Título Medalla al merito de la mujer :
Resto del título conmemoraciones, reconocimientos y logros de la mujer dominicana /
Mención de responsabilidad, etc. comisión organizadora Yadira Henríquez de Sánchez Baret, Nora Nivar de Fernández, Mercedes Lora, Finita Rodríguez, Ylonka Nacidit Perdomo, Rafaela Céspedes
264 #1 - PRODUCCIÓN, PUBLICACIÓN, DISTRIBUCIÓN, FABRICACIÓN Y COPYRIGHT
Producción, publicación, distribución, fabricación y copyright Santo Domingo :
Nombre del de productor, editor, distribuidor, fabricante SEM,
Fecha de producción, publicación, distribución, fabricación o copyright 2004.
300 ## - DESCRIPCIÓN FÍSICA
Extensión 224 páginas
Otras características físicas ilustraciones, retratos, fotografías
Dimensiones 31 cm.
336 ## - TIPO DE CONTENIDO
Fuente rdacontent
Término de tipo de contenido texto
Código de tipo de contenido txt
337 ## - TIPO DE MEDIO
Fuente rdamedia
Nombre/término del tipo de medio sin mediación
Código del tipo de medio n
338 ## - TIPO DE SOPORTE
Fuente rdacarrier
Nombre/término del tipo de soporte volumen
Código del tipo de soporte nc
505 0# - NOTA DE CONTENIDO CON FORMATO
Título Perfiles biográficos. Medalla al mérito de la mujer 2001 --
-- Perfiles biográficos. Medalla al mérito de la mujer 2002 --
-- Perfiles biográficos. Medalla al mérito de la mujer 2003 --
-- Perfiles biográficos. Medalla al mérito de la mujer 2004 --
-- Documentos --
-- Mensajes en el día internacional de la mujer --
-- Una mirada al ayer --
Mención de responsabilidad Yadira Henríquez de Sánchez Baret --
Título Avances de la mujer dominicana --
-- Las sufragistas --
590 ## - NOTA LOCAL (RLIN)
Nota local Inventariado, 2024/ YL
700 1# - PUNTO DE ACCESO ADICIONAL--NOMBRE DE PERSONA
Nombre de persona Henríquez de Sánchez Baret, Yadira
9 (RLIN) 59363
Término indicativo de función/relación comisión organizadora
700 1# - PUNTO DE ACCESO ADICIONAL--NOMBRE DE PERSONA
Nombre de persona Nivar de Fernández, Nora
Término indicativo de función/relación comisión organizadora
9 (RLIN) 85530
700 ## - PUNTO DE ACCESO ADICIONAL--NOMBRE DE PERSONA
Nombre de persona Lora, Mercedes
Término indicativo de función/relación comisión organizadora
9 (RLIN) 49521
700 ## - PUNTO DE ACCESO ADICIONAL--NOMBRE DE PERSONA
Nombre de persona Rodríguez, Finita
Término indicativo de función/relación comisión organizadora
9 (RLIN) 85531
700 ## - PUNTO DE ACCESO ADICIONAL--NOMBRE DE PERSONA
Nombre de persona Nacidit Perdomo, Ylonka
Término indicativo de función/relación comisión organizadora
9 (RLIN) 23142
700 ## - PUNTO DE ACCESO ADICIONAL--NOMBRE DE PERSONA
Nombre de persona Céspedes, Rafaela
Término indicativo de función/relación comisión organizadora
9 (RLIN) 85532
910 ## - DATOS DE OPCIÓN DEL USUARIO (OCLC)
Datos de opción del usuario YLockward
942 ## - ELEMENTOS DE PUNTO DE ACCESO ADICIONAL (KOHA)
Fuente del sistema de clasificación o colocación Dewey Decimal Classification
Tipo de ítem Koha Libro
Holdings
Estado de retiro Estado de pérdida Fuente del sistema de clasificación o colocación Restricciones de uso No para préstamo Código de colección Localización permanente Ubicación/localización actual Ubicación en estantería Fecha de adquisición Fuente de adquisición Total de préstamos Signatura topográfica completa Código de barras Fecha visto por última vez Precio válido a partir de Tipo de ítem Koha Nota pública
    Dewey Decimal Classification Excluido de préstamo   Patrimonio Dominicano Biblioteca Nacional Pedro Henríquez Ureña Biblioteca Nacional Pedro Henríquez Ureña En catalogación 01.12.2014 Donado por Barbara Suncar   BNPHU PD 2024-3097 21.05.2024 21.05.2024 Libro Perteneció a la biblioteca personal de Bárbara Suncar

Powered by Koha